000
00485nam a2200169Ia 4500
008
090711s9999 xx 000 0 und d
082
_b
20058
100
_a
प्रफुल्लदत्त
245
_a
शिवस्वप्न
260
_c
1961
300
_a
116
600
_a
प्रफुल्लदत्त
630
_a
शिवस्वप्न
700
_a
प्रफुल्लदत्त
730
_a
शिवस्वप्न
942
_c
BOOK
999
_c
289564
_d
289564